Central Library and Information Centre
Sibsagar Girls' College, Sivasagar : Assam

A TEXT BOOK OF ORGANIC CHEMISTRY (Record no. 8043)

MARC details
000 -LEADER
fixed length control field 00488cam a2200205ua 4500
008 - FIXED-LENGTH DATA ELEMENTS--GENERAL INFORMATION
fixed length control field 160623n1996 II |||gr||||Z||||||eng
040 ## - CATALOGING SOURCE
Original cataloging agency MAIN
041 ## - LANGUAGE CODE
-- English
082 ## - DEWEY DECIMAL CLASSIFICATION NUMBER
Classification number 547 BAH
100 ## - MAIN ENTRY--PERSONAL NAME
Personal name BAHL, B. S.
245 ## - TITLE STATEMENT
Title A TEXT BOOK OF ORGANIC CHEMISTRY
250 ## - EDITION STATEMENT
Edition statement 14TH.
260 ## - PUBLICATION, DISTRIBUTION, ETC.
Place of publication, distribution, etc. NEW DELHI
Name of publisher, distributor, etc. S.CHAND & COMPANY
Date of publication, distribution, etc. 1996
300 ## - PHYSICAL DESCRIPTION
Extent 746.:
Dimensions 24CM.
700 ## - ADDED ENTRY--PERSONAL NAME
Personal name BAHL, B. S.,
Relator term Author.
700 ## - ADDED ENTRY--PERSONAL NAME
Personal name BAHL, ARUN.
942 ## - ADDED ENTRY ELEMENTS (KOHA)
Koha item type Books
653 ## - INDEX TERM--UNCONTROLLED
Uncontrolled term Organic chemistry
Holdings
Withdrawn status Lost status Source of classification or shelving scheme Damaged status Not for loan Collection code Home library Current library Shelving location Date acquired Full call number Barcode Date last seen Copy number Price effective from Koha item type Public note Total Checkouts Date last checked out
    Dewey Decimal Classification     TBCHE Central Library and Information Centre Sibsagar Girls College Central Library and Information Centre Sibsagar Girls College CHEMISTRY BOOK RACK 23.06.1998 547 BAH 15394 27.02.2020 1 27.02.2020 Books V    
          TBCHE Central Library and Information Centre Sibsagar Girls College Central Library and Information Centre Sibsagar Girls College CHEMISTRY BOOK RACK 23.06.1998 547 BAH 15395 26.05.2026 2 27.02.2020 Books V 1 18.05.2026
          TBCHE Central Library and Information Centre Sibsagar Girls College Central Library and Information Centre Sibsagar Girls College Chemistry Rack 23.06.1998 547 BAH 15396 27.02.2020 3 27.02.2020 Books      
          TBCHE Central Library and Information Centre Sibsagar Girls College Central Library and Information Centre Sibsagar Girls College CHEMISTRY BOOK RACK 23.06.1998 547 BAH 15397 21.10.2021 4 27.02.2020 Books V 1 28.08.2021
          REFCHE Central Library and Information Centre Sibsagar Girls College Central Library and Information Centre Sibsagar Girls College Hostel Library 23.06.1998 547 BAH 15398 27.02.2020 5 27.02.2020 Books      


Sibsagar Girl's College © 2020. All rights reserved.
Powered by Koha.
Maintained by Abhijit Borpuzari.